Cities of Portugal On a Map - Statistics

General Stats
  • This quiz has been taken 134 times
  • The average score is 7 of 10
Answers on the Map
Answers color-coded by a green-red scale on the quiz's map according to % correct below.
 
Answer Stats
Population City % Correct
2.82 mil. Lisbon
99%
1.76 mil. Porto
95%
250 k Braga
77%
118 k Faro
77%
210 k Funchal
76%
270 k Coimbra
70%
140 k Aveiro
55%
120 k Ponta Delgada
48%
180 k Guimarães
46%
120 k Vila Franca de Xira
22%
No matching quizzes found
Score Distribution
Percent of People with Each Score
Percentile by Number Answered
Your Score History
You have not taken this quiz